Transkripcia ako zdroj poškodení DNA, respektíve sprostredkovateľ opravy DNA

Gespeichert in:
Bibliographische Detailangaben
1. Verfasser: Bachorík, Martin (Verfasst von)
Weitere Verfasser: Jantová, Soňa (Betreuung Doktorarbeit)
Format: Manuskript Buch
Sprache:Slowakisch
Veröffentlicht: 2018
Schlagworte:
Online-Zugang:http://is.stuba.sk/zp/portal_zp.pl?podrobnosti=125806
Tags: Tag hinzufügen
Keine Tags, Fügen Sie das erste Tag hinzu!

MARC

LEADER 00000ntm a22000003a 4500
001 stuzp69330
003 SK-STU
005 20180623210651.4
007 ta
008 150427s2015----xo-----f-mn---000-0-slo-d
040 |a STU  |b slo 
041 0 |a slo 
100 1 |a Bachorík, Martin  |u 043000  |4 aut  |U FCHPT Fakulta chemickej a potravinárskej technológie  |T FCHPT Ústav biochémie a mikrobiológie  |X 81608  |U C3000  |Y 101  |7 81608 
242 0 1 |a Transcription as a source of DNA damage, or mediator of DNA repair  |y eng 
245 1 0 |a Transkripcia ako zdroj poškodení DNA, respektíve sprostredkovateľ opravy DNA 
260 |c 2018 
650 4 |a transkripčne závislá nestabilita genómu  |2 slo 
650 4 |a poškodenie DNA  |2 slo 
650 4 |a R-slučky  |2 slo 
650 4 |a transcription associated genome instability  |2 eng 
650 4 |a DNA damage  |2 eng 
650 4 |a R-loops  |2 eng 
700 1 |a Jantová, Soňa  |u 043000  |k Z1  |4 ths  |U FCHPT Fakulta chemickej a potravinárskej technológie  |T FCHPT Ústav biochémie a mikrobiológie  |X 3352  |U C3000  |Y 101  |7 A000003352 
856 4 |u http://is.stuba.sk/zp/portal_zp.pl?podrobnosti=125806